Golden Globe for Best Actor in a Drama: 2020s Nominees - Statistics

General Stats
  • This quiz has been taken 78 times
    20 since last reset
  • The average score is 25 of 38
Answer Stats
Year Film Answer % Correct
2024 Oppenheimer Cillian Murphy
100%
2024 Maestro Bradley Cooper
100%
2022 King Richard Will Smith
94%
2024 Killers of the Flower Moon Leonardo DiCaprio
94%
2025 Conclave Ralph Fiennes
94%
2025 The Brutalist Adrien Brody
88%
2023 Elvis Austin Butler
88%
2020 Joker Joaquin Phoenix
88%
2023 The Whale Brendan Fraser
88%
2026 Sinners Michael B. Jordan
88%
2025 A Complete Unknown Timothee Chalamet
88%
2020 Marriage Story Adam Driver
82%
2021 The Father Anthony Hopkins
82%
2024 Saltburn Barry Keoghan
76%
2026 Springsteen: Deliver Me From Nowhere Jeremy Allen White
76%
2022 The Tragedy of Macbeth Denzel Washington
71%
2021 Sound of Metal Riz Ahmed
71%
2022 The Power of the Dog Benedict Cumberbatch
65%
2026 The Smashing Machine Dwayne Johnson
65%
2026 Frankenstein Oscar Isaac
65%
2025 The Apprentice Sebastian Stan
65%
2020 Ford v. Ferrari Christian Bale
59%
2025 Sing Sing Colman Domingo
59%
2024 Rustin Colman Domingo
59%
2025 Queer Daniel Craig
59%
2021 Mank Gary Oldman
59%
2022 Being the Ricardos Javier Bardem
59%
2020 Pain and Glory Antonio Banderas
53%
2021 Ma Rainey’s Black Bottom Chadwick Boseman
53%
2023 Living Bill Nighy
53%
2026 Train Dreams Joel Edgerton
53%
2020 The Two Popes Jonathan Pryce
53%
2026 The Secret Agent Wagner Moura
53%
2023 The Son Hugh Jackman
47%
2024 All Of Us Strangers Andrew Scott
41%
2022 Swan Song Mahershala Ali
24%
2021 The Mauritanian Tahar Rahim
24%
2023 The Inspection Jeremy Pope
12%
No matching quizzes found
Score Distribution
Percent of People with Each Score
Percentile by Number Answered
Your Score History
You have not taken this quiz since the last reset